DEEPPATH A DEEP LEARNING BASED ANALYTICS PLATFORM FORDIGTIAL PATHOLOGY / (Record no. 535896)

000 -LEADER
fixed length control field 00634nam a22001817a 4500
020 ## - INTERNATIONAL STANDARD BOOK NUMBER
Qualifying information Hard Cover.
082 ## - DEWEY DECIMAL CLASSIFICATION NUMBER
Classification number 621.3
100 ## - MAIN ENTRY--PERSONAL NAME
Personal name Zain, Murtaza, ; M. Imtiaz, Usama
245 ## - TITLE STATEMENT
Title DEEPPATH A DEEP LEARNING BASED ANALYTICS PLATFORM FORDIGTIAL PATHOLOGY /
Statement of responsibility, etc. Zain Murtaza ; M. Usama Imtiaz
260 ## - PUBLICATION, DISTRIBUTION, ETC.
Place of publication, distribution, etc. Islamabad :
Name of publisher, distributor, etc. SEECS - NUST,
Date of publication, distribution, etc. 2012.
300 ## - PHYSICAL DESCRIPTION
Extent 53 p. : ill. ;
Dimensions 30cm.
563 ## - BINDING INFORMATION
Binding note HB
650 ## - SUBJECT ADDED ENTRY--TOPICAL TERM
Topical term or geographic name entry element Electrical Engineering-BP-156
700 ## - ADDED ENTRY--PERSONAL NAME
Personal name Hassan Aqeel Khan.
856 ## - Uniform Resource Identifier
Uniform Resource Identifier <a href="http://10.250.8.41:8080/xmlui/handle/123456789/29585">http://10.250.8.41:8080/xmlui/handle/123456789/29585</a>
942 ## - ADDED ENTRY ELEMENTS (KOHA)
Source of classification or shelving scheme
Koha item type Project Report
650 ## - SUBJECT ADDED ENTRY--TOPICAL TERM
-- 30825
700 ## - ADDED ENTRY--PERSONAL NAME
-- 30826
Holdings
Withdrawn status Lost status Source of classification or shelving scheme Damaged status Not for loan Permanent Location Current Location Shelving location Date acquired Full call number Barcode Date last seen Price effective from Koha item type
WITHDRAWN         Central Library (CL) Central Library (CL) Thesis 09/28/2020 621.3 CL-BP-156 09/28/2020 09/28/2020 Project Report
© 2023 Central Library, National University of Sciences and Technology. All Rights Reserved.